[Event "Giovanni Pico Cup 5th"]
[Site "Mirandola"]
[Date "2012.01.15"]
[Round "5"]
[White "Santamato, Luigi"]
[Black "Castelli, Antonio"]
[Result "1-0"]
[WhiteElo "1717"]
[BlackElo "1680"]
[PlyCount "73"]
[EventDate "2012.01.13"]
[EventType "swiss"]
[EventRounds "5"]
[EventCountry "ITA"]
[SourceTitle "EXT 2023"]
[Source "ChessBase"]
[SourceDate "2022.10.05"]
[SourceVersion "1"]
[SourceVersionDate "2022.10.05"]
[SourceQuality "1"]

1. d4 a6 2. g3 d5 3. Bg2 Nf6 4. c4 c6 5. Nf3 dxc4 6. Ne5 Nbd7 7. Nxc4 Nb6 8. Nxb6 Qxb6 9. 0-0 Bf5 10. Nc3 e6 11. a3 h5 12. h4 Be7 13. e3 Ng4 14. Qe2 Qc7 15. e4 Bg6 16. e5 0-0-0 17. Qc4 Bf5 18. Ne4 Bxe4 19. Bxe4 Rd7 20. b4 Rhd8 21. Bb2 g5 22. hxg5 Bxg5 23. Bf3 Ne3 24. fxe3 Bxe3+ 25. Kh1 Bxd4 26. Bxd4 Rxd4 27. Qc5 h4 28. Rad1 Rxd1 29. Rxd1 Rh8 30. gxh4 Rxh4+ 31. Kg2 Rh8 32. Qd6 Rg8+ 33. Kf1 Qb6 34. Qc5 Qc7 35. Rd6 b6 36. Qxc6 Qxc6 37. Rxc6+ 1-0

[Event "Modena Province-ch 11"]
[Site "Modena"]
[Date "2010.12.11"]
[Round "4"]
[White "Castelli, Antonio"]
[Black "Franchini, Gabriele"]
[Result "0-1"]
[WhiteElo "1703"]
[BlackElo "2159"]
[PlyCount "106"]
[EventDate "2010.12.10"]
[EventType "swiss"]
[EventRounds "5"]
[EventCountry "ITA"]
[SourceTitle "EXT 2024"]
[Source "ChessBase"]
[SourceDate "2023.10.10"]
[SourceVersion "1"]
[SourceVersionDate "2023.10.10"]
[SourceQuality "1"]

1. e4 e6 2. f4 c5 3. Nf3 Nc6 4. Nc3 a6 5. Be2 b5 6. 0-0 Bb7 7. d3 d6 8. Be3 Be7 9. f5 exf5 10. exf5 Nf6 11. Qd2 0-0 12. Rae1 Nb4 13. a3 Nbd5 14. Nxd5 Nxd5 15. c4 Nxe3 16. Qxe3 Bf6 17. Qd2 d5 18. b4 dxc4 19. dxc4 Qxd2 20. Nxd2 cxb4 21. axb4 Bc3 22. Rd1 bxc4 23. Kh1 Bxb4 24. Nxc4 a5 25. Nb6 Rad8 26. f6 Rxd1 27. Rxd1 Re8 28. Bb5 Re1+ 29. Rxe1 Bxe1 30. fxg7 Bc3 31. Nc4 Kxg7 32. Kg1 Kf6 33. Kf2 Ke6 34. g3 Kd5 35. Na3 Kd4 36. Be8 f6 37. Nb5+ Kd3 38. Nxc3 Kxc3 39. Ke3 Kb4 40. Kd3 a4 41. h4 Bd5 42. Kc2 Be4+ 43. Kb2 a3+ 44. Ka1 Bd5 45. Bd7 Kc3 46. h5 h6 47. g4 Kd4 48. Bf5 Ke5 49. Bg6 Kf4 50. Bf5 Kg5 51. Kb1 Bf3 52. Ka2 Bxg4 53. Bxg4 Kxg4 0-1